Normal view
MARC view
- RUSSIAN PSYCHOLOGY
Entry Topical Term
001 - CONTROL NUMBER
- control field: 64558
003 - CONTROL NUMBER IDENTIFIER
- control field: NUST
005 - DATE AND TIME OF LATEST TRANSACTION
- control field: 20210628203310.0
008 - FIXED-LENGTH DATA ELEMENTS
- fixed length control field: 210628|| aca||aabn | a|a d
040 ## - CATALOGING SOURCE
- Original cataloging agency: NUST
- Transcribing agency: NUST
150 ## - HEADING--TOPICAL TERM
- Topical term or geographic name entry element: RUSSIAN PSYCHOLOGY
670 ## - SOURCE DATA FOUND
- Source citation: Work cat.: (NUST): O'connor, Neil 37564, Present day russian psychology, 2007
